Jana Sangh and Swatantra; (Record no. 73284)

MARC details
000 -LEADER
fixed length control field 00810cam a22002651 4500
001 - CONTROL NUMBER
control field sa 67002477
003 - CONTROL NUMBER IDENTIFIER
control field DLC
005 - DATE AND TIME OF LATEST TRANSACTION
control field 20260227112331.0
008 - FIXED-LENGTH DATA ELEMENTS--GENERAL INFORMATION
fixed length control field 740919s1967 ii b 000 0 eng
010 ## - LIBRARY OF CONGRESS CONTROL NUMBER
LC control number sa 67002477
025 ## - OVERSEAS ACQUISITION NUMBER
Overseas acquisition number PL480:I-E-7727
035 ## - SYSTEM CONTROL NUMBER
System control number (OCoLC)1015372
040 ## - CATALOGING SOURCE
Original cataloging agency DLC
Transcribing agency OTU
Modifying agency OCoLC
-- DLC
042 ## - AUTHENTICATION CODE
Authentication code premarc
050 00 - LIBRARY OF CONGRESS CALL NUMBER
Classification number JQ298.B5
Item number J5
082 ## - DEWEY DECIMAL CLASSIFICATION NUMBER
Classification number 329.9/54
100 1# - MAIN ENTRY--PERSONAL NAME
Personal name Jhangiani, Motilal A.
245 10 - TITLE STATEMENT
Title Jana Sangh and Swatantra;
Remainder of title a profile of the rightist parties in India
Statement of responsibility, etc. [by] Motilal A. Jhangiani.
260 ## - PUBLICATION, DISTRIBUTION, ETC.
Place of publication, distribution, etc. Bombay,
Name of publisher, distributor, etc. Manaktalas
Date of publication, distribution, etc. [1967]
300 ## - PHYSICAL DESCRIPTION
Extent xiv, 223 p.
Dimensions 23 cm.
500 ## - GENERAL NOTE
General note "Largely based on [the author's] original doctoral dissertation."
504 ## - BIBLIOGRAPHY, ETC. NOTE
Bibliography, etc. note Bibliography: p. 207-217.
610 20 - SUBJECT ADDED ENTRY--CORPORATE NAME
Corporate name or jurisdiction name as entry element Bharatiya Jan Sangh.
610 20 - SUBJECT ADDED ENTRY--CORPORATE NAME
Corporate name or jurisdiction name as entry element Swatantra Party.

No items available.

Powered by Koha